Online Catalogue and eLibrary

Man's World, Women's Place: (Record no. 1323)

MARC details
000 -LEADER
fixed length control field 00484nam a2200181Ia 4500
005 - DATE AND TIME OF LATEST TRANSACTION
control field 20250203010814.0
008 - FIXED-LENGTH DATA ELEMENTS--GENERAL INFORMATION
fixed length control field 240331s9999 xx 000 0 und d
082 ## - DDC Classification
Item Number - Author Mark JAN
DDC Edition Number 45
Class No. 305.4
100 ## - MAIN ENTRY--PERSONAL NAME
Personal name Janeway, E
245 #0 - TITLE STATEMENT
Title Man's World, Women's Place:
Remainder of title A Study in Social Mythology
260 ## - PUBLICATION, DISTRIBUTION, ETC.
Place of publication, distribution, etc. Middlesex;
-- New York;
-- Victoria;
-- Auckland
Name of publisher, distributor, etc. Penguin Books
Date of publication, distribution, etc. 1977
300 ## - PHYSICAL DESCRIPTION
Extent (e.g. Volumes, Pages etc.) 351 p.,
650 ## - SUBJECT ADDED ENTRY--TOPICAL TERM
Topical term or geographic name entry element Women
650 ## - SUBJECT ADDED ENTRY--TOPICAL TERM
Topical term or geographic name entry element History
650 ## - SUBJECT ADDED ENTRY--TOPICAL TERM
Topical term or geographic name entry element Mythology
650 ## - SUBJECT ADDED ENTRY--TOPICAL TERM
Topical term or geographic name entry element Society
942 ## - Koha item type (Biblio)
Koha item type Books in Stacks (Lending)
Holdings
Lost status Damaged status Collection code Home library Current library Shelving location Date acquired Full call number Accession Number Item type
    Lending WERC Library WERC Library Social Science Cupboard 03/31/2024 305.4 JAN 45 Books in Stacks (Lending)

© WERC Library